| 000 | 00472nam a2200181Ia 4500 | ||
|---|---|---|---|
| 008 | 230917s9999||||xx |||||||||||||| ||und|| | ||
| 020 | _cGBP 48.99 (RS 4933.29) | ||
| 040 |
_e5004089 _aMAIN |
||
| 041 | _aEnglish | ||
| 082 | _a338.4791 F36E(5) | ||
| 100 | _aFennell, David A | ||
| 245 | 0 | _aEcotourism | |
| 250 | _a5th ed. | ||
| 260 |
_aOxon _bCAB International _c2020 |
||
| 300 | _ax, 382 p. | ||
| 500 | _a4503 25/01/2022 PBA22/498 25/01/2022 Main Budget | ||
| 942 | _cBK | ||
| 999 |
_c5223 _d5223 |
||